| 000 | 00936nam a22002415i 4500 | ||
|---|---|---|---|
| 001 | 175170 | ||
| 003 | ES-MaACL | ||
| 005 | 20250815103935.0 | ||
| 008 | 101011s1973 sp |||| | spa d | ||
| 020 | _a84-00-03802-9 | ||
| 080 | _a549.623.5 | ||
| 100 | 1 |
_aRausell Colom, J. A. _9143543 |
|
| 245 | 1 | 0 |
_aContribución al estudio de la interacción de vermiculita con soluciones acuosas de aminoácidos / _cJ. A. Rausell Colom y P. Salvador Salvador. |
| 260 |
_aMadrid : _bConsejo Superior de Investigaciones Científicas, _c1973. |
||
| 300 |
_a100 p., [1] h. pleg. ; _c25 cm. |
||
| 490 | 1 |
_aMonografías de ciencia moderna ; _v81 |
|
| 650 | 1 | 4 |
_aVermiculita. _9143545 |
| 700 | 1 |
_aSalvador Salvador, P. _9143544 |
|
| 710 | 2 |
_aConsejo Superior de Investigaciones Científicas (España) _93236 |
|
| 830 | 0 |
_aMonografías de ciencia moderna _v81 _9189470 |
|
| 852 |
_aES-MaACL _jE-13345 _xOlim P-555 bis |
||
| 999 |
_c175170 _d175170 |
||